Administración de la producción
Saved in:
| Main Authors: | , |
|---|---|
| Format: | Bog |
| Sprog: | spansk |
| Udgivet: |
Ciudad de México
Interamericana
1984
|
| Fag: | |
| Tags: |
Tilføj Tag
Ingen Tags, Vær først til at tagge denne postø!
|
MARC
| LEADER | 00000nam a2200000 a 4500 | ||
|---|---|---|---|
| 001 | UCU6975 | ||
| 003 | CL-VaPUC | ||
| 008 | 960628e19840000MX |||||||||||||||||spa|d | ||
| 082 | 0 | 4 | |a 658.5 |b TAW |2 21 |
| 100 | 0 | |a Tawfik, Louis |e author |9 365407 | |
| 700 | 0 | |a Chauvel, Alain M |e author |9 365408 | |
| 245 | 1 | 0 | |a Administración de la producción |
| 300 | |a 404 p | ||
| 942 | |c BK | ||
| 945 | |d 19960628 00:00:00 |a cmena | ||
| 260 | |a Ciudad de México |b Interamericana |c 1984 | ||
| 650 | 0 | |a Gestión de la producción |9 259467 | |
| 650 | 7 | |a CONTROL DE PRODUCCION |2 CL-VaPUC |9 271421 | |
| 650 | 0 | |a Ingeniería industrial |9 260973 | |
| 650 | 7 | |a DIAGRAMAS DE CONTROL |2 CL-VaPUC |9 365385 | |
| 650 | 0 | |a Investigación operativa |9 259383 | |
| 650 | 0 | |a Control de calidad |9 259714 | |
| 650 | 0 | |a Productividad |9 335972 | |
| 583 | |a last modification |c 19960628 00:00:00 |k Rodrigo Vera | ||
| 999 | |c 249702 |d 249700 | ||
| 952 | |0 0 |1 0 |4 0 |6 658_500000000000000_TAW_1984 |7 0 |8 A |9 267166 |a BIBING |b BIBING |d 2019-11-19 |i 1696262 |o 658.5 TAW 1984 |p 1696262 |r 2025-01-20 |w 2019-11-19 |y BK |k EII | ||
| 952 | |0 0 |1 0 |4 0 |6 658_500000000000000_TAW_1984 |7 0 |8 A |9 267167 |a BIBENE |b BIBENE |d 2019-11-19 |i 1946781 |o 658.5 TAW 1984 |p 1946781 |r 2025-01-15 |w 2019-11-19 |y BK |k ICO | ||
| 952 | |0 0 |1 0 |4 0 |6 658_500000000000000_TAW_1984 |7 0 |8 A |9 267168 |a BIBENE |b BIBENE |d 2019-11-19 |i 1946838 |o 658.5 TAW 1984 |p 1946838 |r 2025-01-15 |w 2019-11-19 |y BK |k ICO | ||
| 952 | |0 0 |1 0 |4 0 |6 658_500000000000000_TAW_1984 |7 0 |8 A |9 267169 |a BIBGIM |b BIBGIM |d 2019-11-19 |i 1946889 |o 658.5 TAW 1984 |p 1946889 |r 2025-01-15 |w 2019-11-19 |y BK |k SSL | ||